Presidential Nicknames Quiz Stats

 Plays Quiz not verified by Sporcle

Support Sporcle.
Go Orange.
Score 0/16 Timer 05:00
0 Plays Today
Nickname President % Correct
IkeDwight Eisenhower
95.7%
Honest AbeAbraham Lincoln
95.7%
The Father of the NationGeorge Washington
95.7%
The Trust BusterTheodore Roosevelt
93.2%
DubyaGeorge W. Bush
92.5%
Tricky DickRichard Nixon
91.9%
Give 'Em Hell HarryHarry Truman
91.9%
Silent CalCalvin Coolidge
91.3%
Nickname President % Correct
Old HickoryAndrew Jackson
84.5%
The Father of the ConstitutionJames Madison
82%
The King of CamelotJohn F. Kennedy
82%
The Great CommunicatorRonald Reagan
73.9%
TippecanoeWilliam Henry Harrison
72.7%
The First Black PresidentBill Clinton
67.1%
Old Rough and ReadyZachary Taylor
63.4%
The Little MagicianMartin van Buren
42.2%

You're not logged in!

Compare scores with friends on all Sporcle quizzes.
OR
Log In

From the Vault

Silhouettes: Harry Potter Characters

by Perspektive

Harry Potter jokes can be really Krummy.
Remove Ads.
Support Sporcle.
Get the best of Sporcle when you Go Orange. This ad-free experience offers more features, more stats, and more fun while also helping to support Sporcle. Thank you for becoming a member.

Show Comments

Extras

Top Quizzes Today


Score Distribution

Your Account Isn't Verified!

In order to create a playlist on Sporcle, you need to verify the email address you used during registration. Go to your Sporcle Settings to finish the process.

Report this User

Report this user for behavior that violates our Community Guidelines.

Details: